Higher or Lower: Births Quiz Stats

Quiz not verified by Sporcle

Also try: 'J' Blitz
Challenge
Share
Tweet
Embed
Score 0/6 Timer 01:30
0 Plays Today
Hint H/L % Correct
Most Kids Born at Once: 8???
82.8%
Most Kids Born at Once that Survived: 6???
79.3%
First Confirmed Birth of Octuplets: 1989???
69%
Oldest To Give Birth: 69???
55.2%
Most Children a Couple Parented: 32???
48.3%
Youngest To Give Birth:7???
37.9%

You're not logged in!

Compare scores with friends on all Sporcle quizzes.
Sign Up with Email
OR
Log In

You Might Also Like...

Show Comments

Extras

Top Quizzes Today


Score Distribution

Your Account Isn't Verified!

In order to create a playlist on Sporcle, you need to verify the email address you used during registration. Go to your Sporcle Settings to finish the process.